Sociálno-ekonomické dôsledky nezamestnanosti

Nezamestnanosť ako výsledok nerovnováhy na trhu práce. Spoločenské problémy nezamestnanosti. Podpora v nezamestnanosti a jej dosah na ekonomické a sociálne postavenie nezamestnaných. Vzťah medzi podporou v nezamestnanosti a minimálnou mzdou. Vzťah medzi podporou v nezamestnanosti a priemernou mzdou.

Enregistré dans:
Détails bibliographiques
Auteur principal: Ďurďovičová, Marta, 1964-
Format: Chapitre de livre
Langue:slovaque
Sujets:
Tags: Ajouter un tag
Pas de tags, Soyez le premier à ajouter un tag!

MARC

LEADER 00000naa a2200000 4500
001 r033650
005 20240502071331.3
041 0 |a slo 
044 |a SK 
245 1 0 |a Sociálno-ekonomické dôsledky nezamestnanosti  |c Marta Ďurďovičová 
520 |a Nezamestnanosť ako výsledok nerovnováhy na trhu práce. Spoločenské problémy nezamestnanosti. Podpora v nezamestnanosti a jej dosah na ekonomické a sociálne postavenie nezamestnaných. Vzťah medzi podporou v nezamestnanosti a minimálnou mzdou. Vzťah medzi podporou v nezamestnanosti a priemernou mzdou. 
610 2 0 |a trh práce 
610 2 0 |a nezamestnanosť 
610 2 0 |a podpory v nezamestnanosti 
610 2 0 |a mzdy minimálne 
610 2 0 |a mzdy priemerné 
610 2 0 |a postavenie sociálne 
100 1 |a Ďurďovičová, Marta, 1964-